[Event "36th European Club Cup 2021"]
[Site "Struga"]
[Date "2021.09.21"]
[Round "4.37"]
[White "Westerberg, Jonathan"]
[Black "Donchenko, Alexander"]
[Result "0-1"]
[WhiteElo "2526"]
[BlackElo "2641"]
[Annotator "TA"]
[PlyCount "102"]
[EventDate "2021.09.18"]
[EventType "team-tourn"]
[EventCountry "MKD"]
[SourceTitle "playchess.com"]
[Source "ChessBase"]
[SourceQuality "1"]

{[%evp 17,101,0,0,0,0,0,0,0,0,0,0,0,0,0,1,0,0,-2,0,-10,-12,-8,-7,-10,-10,-9,-8,
-14,0,-19,-14,-34,-31,-34,-34,-33,-27,-29,-7,-32,-20,-32,0,-37,-16,-116,-87,
-136,-136,-137,-135,-149,-108,-137,-110,-114,-93,-168,-168,-155,-98,-92,-93,
-114,-109,-95,0,-159,-155,-270,-273,-331,-323,-313,-282,-307,-298,-576,-575,
-563,-490,-29986,-29987,-29989,-29990,-29999]} 1. e4 e5 2. Nf3 Nc6 3. Bc4 Bc5
4. c3 Nf6 5. d4 exd4 6. cxd4 Bb4+ 7. Bd2 Nxe4 8. Bxb4 Nxb4 9. Bxf7+ Kxf7 10.
Qb3+ {C54: Giuoco Piano: 4 c3 Nf6, main lines with 5 d4 and 5 d3.} Kf8 11.
Qxb4+ Qe7 $1 {[%cal Re7b4]} 12. Qxe7+ {The position is equal.} Kxe7 13. O-O Kd8
14. Re1 Nf6 15. Nc3 d6 16. Ng5 {Strongly threatening Nf7+.} Rf8 17. f3 h6 18.
Ne6+ Bxe6 19. Rxe6 Kd7 20. Rae1 {Re7+ is the strong threat.} Rae8 21. Rxe8 Nxe8
$11 {[%mdl 4096] Endgame KRN-KRN} 22. Kf2 {[#]} c6 $146 ({Predecessor:} 22...
Nf6 23. Ke3 c6 24. g3 b5 25. b4 a5 26. a3 axb4 27. axb4 Ra8 28. Kd2 Ra3 {
1/2-1/2 (40) Holland,J (2212)-Krivonosov,O (2386) Riga 2018}) 23. Ke3 Nc7 24.
Kd2 b5 25. a3 a5 26. Rf1 a4 27. Kd3 Na8 28. f4 Nb6 29. Rf3 Re8 30. f5 Re7 31.
h3 (31. Ne4 $11 {keeps the balance.}) 31... d5 $1 $17 32. f6 gxf6 33. Rxf6 Nc4
$1 {[%cal Rc4b2]} 34. Kc2 ({Avoid the trap} 34. Rxh6 $2 Nxb2+ 35. Kc2 Nc4 $19)
34... h5 35. Rg6 Rf7 {aiming for ...Rf2+.} 36. Nd1 Rf4 37. Kd3 (37. Rg7+ $17
Kd8 38. Rg6) 37... Re4 $1 $19 38. Rg7+ Kd6 ({Better is} 38... Ke8 $1 39. Nc3
Re6) 39. Rg6+ $17 Kc7 $1 40. Rg7+ Kc8 41. Rg8+ Kd7 (41... Kb7 $142 $1 42. Nc3
Re6) 42. Rg7+ {[#]} Ke8 $1 43. Rg6 (43. Nc3 $17 Re6 44. Kc2) 43... c5 $1 $19
44. Rg8+ Kf7 45. Rc8 cxd4 ({Don't play} 45... Rxd4+ 46. Kc2 $19) 46. Rc5 Ke6 {
White must now prevent ...Re1.} 47. Rxb5 $2 {[#]} (47. Rc8 {was worth a try.})
47... Re1 $1 {[%cal Re1d1]} 48. Kc2 d3+ 49. Kc1 (49. Kxd3 $19 Rxd1+ 50. Kc3)
49... d4 {Black mates.} 50. Rxh5 Ne3 {[%csl Ge3][%cal Re1d1]} 51. Kd2 Rxd1# {
Weighted Error Value: White=0.32/Black=0.09} 0-1

[Event "36th European Club Cup 2021"]
[Site "Struga"]
[Date "2021.09.21"]
[Round "4.38"]
[White "Demchenko, Anton"]
[Black "Seo, Jung Min"]
[Result "1-0"]
[WhiteElo "2610"]
[BlackElo "2469"]
[Annotator "TA"]
[PlyCount "47"]
[EventDate "2021.09.18"]
[EventType "team-tourn"]
[EventCountry "MKD"]
[SourceTitle "playchess.com"]
[Source "ChessBase"]
[SourceQuality "1"]

{[%evp 9,46,18,55,65,66,68,68,81,69,77,84,82,125,106,118,102,105,97,129,131,
106,122,213,193,545,515,510,519,945,918,981,962,29990,29991,29997,29998,29998,
29999,29999]} 1. e4 c6 2. d4 d5 3. e5 c5 4. dxc5 e6 5. Nf3 Nd7 6. c4 {[#] B12:
Caro-Kann: Advance Variation.} Bxc5 $146 ({Predecessor:} 6... Ne7 7. Nc3 dxc4
8. Bxc4 Nc6 9. O-O Bxc5 10. Qe2 Be7 11. Bf4 a6 12. a3 Qc7 13. Rac1 {1-0 (30)
Polzin,R (2469)-Hansen,L (2586) Germany 2002}) 7. cxd5 exd5 8. Bd3 {White is
slightly better.} Ne7 9. O-O Nf8 10. Bg5 h6 11. Bxe7 Bxe7 12. Bb5+ Nd7 13. Qxd5
{aiming for Rd1.} O-O 14. Nc3 Nc5 15. b4 Ne6 {[#]} (15... Na6 $16) 16. Qe4 $1
$40 {[%mdl 128] Threatens to win with Ba4. White has strong attack.} Ng5 $2 (
16... f5 17. exf6 Bxf6) 17. Nxg5 Bxg5 18. Rad1 Qb6 (18... Qe7 $142 19. f4 f5)
19. Rd6 Qc7 20. Nd5 Qb8 21. Bd3 {[%csl Gd3][%cal Re4h7] White mates.} g6 {[#]}
22. Rxg6+ $1 {[%mdl 576] Demolition} fxg6 (22... Kh7 23. Rxh6+) 23. Qxg6+ Kh8
24. Qh7# {Weighted Error Value: White=0.01/Black=0.80} 1-0

[Event "36th European Club Cup 2021"]
[Site "Struga"]
[Date "2021.09.21"]
[Round "4.39"]
[White "Lokander, Martin"]
[Black "Antipov, Mikhail Al."]
[Result "1/2-1/2"]
[WhiteElo "2452"]
[BlackElo "2607"]
[Annotator "ChessBase"]
[PlyCount "58"]
[EventDate "2021.09.18"]
[EventType "team-tourn"]
[EventCountry "MKD"]
[SourceTitle "playchess.com"]
[Source "ChessBase"]
[SourceQuality "1"]
[TimeControl "40/5400+30:1800+30"]

1. d4 {[%emt 0:00:09]} Nf6 {[%emt 0:00:06]} 2. Nf3 {[%emt 0:00:19]} g6 {
[%emt 0:00:06]} 3. c4 {[%emt 0:00:38]} Bg7 {[%emt 0:00:05]} 4. Nc3 {[%emt 0:00:
05]} d5 {[%emt 0:00:05]} 5. cxd5 {[%emt 0:03:25]} Nxd5 {[%emt 0:00:07]} 6. e4 {
[%emt 0:00:04]} Nxc3 {[%emt 0:00:07]} 7. bxc3 {[%emt 0:00:04]} c5 {[%emt 0:00:
06]} 8. Bb5+ {[%emt 0:01:59]} Nc6 {[%emt 0:00:17]} 9. d5 {[%emt 0:00:38]} Qa5 {
[%emt 0:00:38]} 10. Rb1 {[%emt 0:00:32]} a6 {[%emt 0:01:05]} 11. Bxc6+ {
[%emt 0:01:46]} bxc6 {[%emt 0:00:10]} 12. O-O {[%emt 0:00:48]} O-O {[%emt 0:01:
56]} 13. dxc6 {[%emt 0:00:33]} Bg4 {[%emt 0:12:14]} 14. h3 {[%emt 0:01:48]}
Bxf3 {[%emt 0:00:49]} 15. Qxf3 {[%emt 0:00:09]} Rac8 {[%emt 0:05:23]} 16. e5 {
[%emt 0:00:11]} Bxe5 {[%emt 0:01:31]} 17. Bg5 {[%emt 0:00:05]} Qc7 {[%emt 0:12:
26]} 18. Rfe1 {[%emt 0:01:14]} Bd6 {[%emt 0:01:15]} 19. Rb7 {[%emt 0:00:13]}
Qxc6 {[%emt 0:00:16]} 20. Qxc6 {[%emt 0:00:04]} Rxc6 {[%emt 0:00:07]} 21. Bxe7
{[%emt 0:00:08]} Re8 {[%emt 0:02:40]} 22. Kf1 {[%emt 0:00:06]} Bxe7 {[%emt 0:
01:33]} 23. Rexe7 {[%emt 0:00:36]} Rxe7 {[%emt 0:00:08]} 24. Rxe7 {[%emt 0:00:
05]} Rb6 {[%emt 0:00:18]} 25. Re4 {[%emt 0:03:52]} Rb1+ {[%emt 0:11:41]} 26.
Re1 {[%emt 0:00:07]} Rb2 {[%emt 0:00:05]} 27. Re2 {[%emt 0:00:02]} Rb1+ {
[%emt 0:00:10]} 28. Re1 {[%emt 0:00:04]} Rb5 {[%emt 0:00:06]} 29. Re4 {[%emt 0:
00:45]} Rb1+ {[%emt 0:00:06]} 1/2-1/2

[Event "36th European Club Cup 2021"]
[Site "Struga"]
[Date "2021.09.21"]
[Round "4.40"]
[White "Lomasov, Semyon"]
[Black "Ertan, Can"]
[Result "1-0"]
[WhiteElo "2526"]
[BlackElo "2384"]
[Annotator "ChessBase"]
[PlyCount "71"]
[EventDate "2021.09.18"]
[EventType "team-tourn"]
[EventCountry "MKD"]
[SourceTitle "playchess.com"]
[Source "ChessBase"]
[SourceQuality "1"]
[TimeControl "40/5400+30:1800+30"]

1. d4 {[%emt 0:00:04]} Nf6 {[%emt 0:00:28]} 2. c4 {[%emt 0:00:05]} e6 {[%emt 0:
00:04]} 3. Nf3 {[%emt 0:00:06]} b6 {[%emt 0:00:28]} 4. g3 {[%emt 0:00:04]} Ba6
{[%emt 0:00:12]} 5. b3 {[%emt 0:00:05]} Bb4+ {[%emt 0:00:05]} 6. Bd2 {[%emt 0:
00:07]} Be7 {[%emt 0:00:04]} 7. Bg2 {[%emt 0:00:09]} d5 {[%emt 0:00:23]} 8. O-O
{[%emt 0:00:38]} c6 {[%emt 0:00:36]} 9. Ne5 {[%emt 0:00:17]} Nfd7 {[%emt 0:00:
30]} 10. Nxd7 {[%emt 0:00:35]} Qxd7 {[%emt 0:02:16]} 11. Bc3 {[%emt 0:26:30]}
dxc4 {[%emt 0:06:08]} 12. Nd2 {[%emt 0:07:19]} cxb3 {[%emt 0:01:21]} 13. axb3 {
[%emt 0:00:02]} O-O {[%emt 0:02:44]} 14. Nc4 {[%emt 0:00:19]} Bf6 {[%emt 0:03:
45]} 15. Qc2 {[%emt 0:14:22]} Bb7 {[%emt 0:18:00]} 16. Rfd1 {[%emt 0:00:26]}
Qc7 {[%emt 0:03:36]} 17. Be4 {[%emt 0:16:17]} h6 {[%emt 0:00:28]} 18. Bd2 {
[%emt 0:00:06]} Bxd4 {[%emt 0:02:59]} 19. Bf4 {[%emt 0:00:25]} e5 {[%emt 0:00:
06]} 20. Rxd4 {[%emt 0:00:34]} exf4 {[%emt 0:00:03]} 21. Nd6 {[%emt 0:02:17]}
fxg3 {[%emt 0:05:17]} 22. hxg3 {[%emt 0:00:03]} Rd8 {[%emt 0:08:42]} 23. Rad1 {
[%emt 0:07:43]} Na6 {[%emt 0:09:28]} 24. Bh7+ {[%emt 0:06:02]} Kf8 {[%emt 0:00:
34]} 25. Nxf7 {[%emt 0:00:08]} Rxd4 {[%emt 0:13:40]} 26. Rxd4 {[%emt 0:00:05]}
Nc5 {[%emt 0:00:03]} 27. Qg6 {[%emt 0:06:42]} Qe7 {[%emt 0:06:25]} 28. Nd8 {
[%emt 0:06:21]} Qf6 {[%emt 0:06:34]} 29. Rf4 {[%emt 0:00:03]} Qxf4 {[%emt 0:00:
01]} 30. gxf4 {[%emt 0:00:08]} Rxd8 {[%emt 0:00:02]} 31. Qf5+ {[%emt 0:00:43]}
Ke7 {[%emt 0:00:08]} 32. Qe5+ {[%emt 0:00:03]} Kf7 {[%emt 0:06:29]} 33. Qf5+ {
[%emt 0:00:06]} Ke7 {[%emt 0:00:10]} 34. Qe5+ {[%emt 0:00:01]} Kf7 {[%emt 0:00:
06]} 35. f5 {[%emt 0:01:05]} Bc8 {[%emt 0:03:09]} 36. Qc7+ {[%emt 0:00:17]} 1-0

[Event "36th European Club Cup 2021"]
[Site "Struga"]
[Date "2021.09.21"]
[Round "4.41"]
[White "Arman, Deniz"]
[Black "Arngrimsson, Dagur"]
[Result "1/2-1/2"]
[WhiteElo "2336"]
[BlackElo "2383"]
[Annotator "NA"]
[PlyCount "102"]
[EventDate "2021.09.18"]
[EventType "team-tourn"]
[EventCountry "MKD"]
[SourceTitle "playchess.com"]
[Source "ChessBase"]
[SourceQuality "1"]
[TimeControl "40/5400+30:1800+30"]

1. e4 {[%emt 0:01:04]} e5 {[%emt 0:00:07]} 2. Nf3 {[%emt 0:00:19]} Nc6 {
[%emt 0:00:07]} 3. Bb5 {[%emt 0:00:17]} a6 {[%emt 0:00:06]} 4. Bxc6 {[%emt 0:
00:07]} dxc6 {[%emt 0:00:05]} 5. O-O {[%emt 0:00:20]} f6 {[%emt 0:01:10]} 6. d4
{[%emt 0:00:13]} exd4 {[%emt 0:00:06]} 7. Nxd4 {[%emt 0:00:06]} c5 {[%emt 0:00:
20]} 8. Nb3 {[%emt 0:00:36]} Qxd1 {[%emt 0:02:43]} 9. Rxd1 {[%emt 0:00:05]} Bd7
{[%emt 0:18:13]} 10. Bf4 {[%emt 0:01:59]} O-O-O {[%emt 0:00:31]} 11. Nc3 {
[%emt 0:00:58]} Be6 {[%emt 0:10:57]} 12. Rxd8+ {[%emt 0:01:58]} Kxd8 {[%emt 0:
00:07]} 13. Rd1+ {[%emt 0:00:05]} Kc8 {[%emt 0:00:11]} 14. Nd5 {[%emt 0:00:56]}
Bxd5 {[%emt 0:00:46]} 15. Rxd5 {[%emt 0:00:04]} b6 {[%emt 0:01:19]} 16. Rd1 {
[%emt 0:08:32]} Ne7 {[%emt 0:01:33]} 17. Nd2 {[%emt 0:01:56]} h5 {[%emt 0:11:
14]} 18. h3 {[%emt 1:19:55]} g5 {[%emt 0:02:49]} 19. Bh2 {[%emt 0:00:00]} Bg7 {
[%emt 0:01:12]} 20. Nc4 {[%emt 0:00:00]} f5 {[%emt 0:13:08]} 21. exf5 {[%emt 0:
00:00]} Nxf5 {[%emt 0:00:10]} 22. Rd5 {[%emt 0:00:00]} Rd8 {[%emt 0:08:01]} 23.
Rxd8+ {[%emt 0:00:00]} Kxd8 {[%emt 0:00:29]} 24. c3 {[%emt 0:00:00]} b5 {
[%emt 0:03:26]} 25. Nd2 {[%emt 0:00:00]} c4 {[%emt 0:05:51]} 26. Ne4 {[%emt 0:
00:00]} b4 {[%emt 0:01:39]} 27. Kf1 {[%emt 0:00:00]} a5 {[%emt 0:11:00]} 28.
Ke2 {[%emt 0:00:00]} g4 {[%emt 0:02:52]} 29. hxg4 {[%emt 0:00:00]} hxg4 {
[%emt 0:00:06]} 30. Bf4 {[%emt 0:00:00]} c6 {[%emt 0:03:45]} 31. Kd2 {[%emt 0:
00:00]} a4 {[%emt 0:00:18]} 32. Bg5+ {[%emt 0:00:00]} Kc7 {[%emt 0:00:21]} 33.
Kc2 {[%emt 0:00:00]} b3+ {[%emt 0:00:08]} 34. Kb1 {[%emt 0:00:00]} Kb6 {
[%emt 0:00:32]} 35. g3 {[%emt 0:00:00]} Kb5 {[%emt 0:01:55]} 36. Bf4 {[%emt 0:
00:00]} c5 {[%emt 0:00:37]} 37. Nd2 {[%emt 0:00:00]} Bf6 {[%emt 0:00:26]} 38.
Nf1 {[%emt 0:00:00]} a3 {[%emt 0:00:28]} 39. Nh2 {[%emt 0:00:00]} axb2 {
[%emt 0:00:18]} 40. Kxb2 {[%emt 0:00:00]} bxa2 {[%emt 0:00:00]} 41. Bd2 {
[%emt 0:00:00]} Bg7 {[%emt 0:15:06]} 42. Kxa2 {[%emt 0:00:00]} Nd6 {[%emt 0:00:
43]} 43. Kb2 {[%emt 0:00:00]} Ne4 {[%emt 0:00:16]} 44. Be1 {[%emt 0:00:00]} Nf6
{[%emt 0:06:04]} 45. Nf1 {[%emt 0:04:38]} Nd7 {[%emt 0:01:16]} 46. Bd2 {
[%emt 0:03:58]} Ne5 {[%emt 0:01:11]} 47. Kc2 {[%emt 0:11:54]} Nd3 {[%emt 0:00:
38]} 48. Be3 {[%emt 0:00:15]} Ne1+ {[%emt 0:00:33]} 49. Kd2 {[%emt 0:12:39]}
Nf3+ {[%emt 0:00:20]} 50. Kc2 {[%emt 0:00:36]} Ne1+ {[%emt 0:00:06]} 51. Kd2 {
[%emt 0:00:10]} Nf3+ {[%emt 0:00:06]} 1/2-1/2

[Event "36th European Club Cup 2021"]
[Site "Struga"]
[Date "2021.09.21"]
[Round "4.42"]
[White "Lagerman, Robert"]
[Black "Thorn, Eric"]
[Result "0-1"]
[WhiteElo "2300"]
[BlackElo "2292"]
[Annotator "NA"]
[PlyCount "70"]
[EventDate "2021.09.18"]
[EventType "team-tourn"]
[EventCountry "MKD"]
[SourceTitle "playchess.com"]
[Source "ChessBase"]
[SourceQuality "1"]
[TimeControl "40/5400+30:1800+30"]

1. e4 {[%emt 0:00:01]} e5 {[%emt 0:00:14]} 2. Nf3 {[%emt 0:00:06]} Nc6 {
[%emt 0:00:11]} 3. d4 {[%emt 0:00:04]} exd4 {[%emt 0:00:13]} 4. Nxd4 {[%emt 0:
00:09]} Nf6 {[%emt 0:00:15]} 5. Nc3 {[%emt 0:00:28]} Bb4 {[%emt 0:01:01]} 6.
Nxc6 {[%emt 0:00:07]} bxc6 {[%emt 0:00:04]} 7. Bd3 {[%emt 0:00:05]} d5 {
[%emt 0:00:17]} 8. exd5 {[%emt 0:00:48]} O-O {[%emt 0:02:54]} 9. O-O {[%emt 0:
03:33]} cxd5 {[%emt 0:02:18]} 10. Bg5 {[%emt 0:04:46]} Be6 {[%emt 0:00:29]} 11.
Qf3 {[%emt 0:05:38]} h6 {[%emt 0:00:28]} 12. Bxf6 {[%emt 0:23:57]} Qxf6 {
[%emt 0:00:07]} 13. Qxf6 {[%emt 0:00:02]} gxf6 {[%emt 0:00:34]} 14. Ne2 {
[%emt 0:00:08]} Bd6 {[%emt 0:04:03]} 15. Rad1 {[%emt 0:08:03]} c5 {[%emt 0:02:
07]} 16. b3 {[%emt 0:03:21]} Rfd8 {[%emt 0:04:58]} 17. Ng3 {[%emt 0:03:22]} Kf8
{[%emt 0:04:07]} 18. Nf5 {[%emt 0:04:12]} c4 {[%emt 0:04:57]} 19. bxc4 {
[%emt 0:06:51]} dxc4 {[%emt 0:00:05]} 20. Be4 {[%emt 0:11:34]} Bxf5 {[%emt 0:
00:15]} 21. Bxf5 {[%emt 0:00:03]} Rab8 {[%emt 0:02:16]} 22. Rb1 {[%emt 0:11:10]
} Rb6 {[%emt 0:03:05]} 23. g3 {[%emt 0:06:26]} Bc5 {[%emt 0:03:18]} 24. Rbd1 {
[%emt 0:02:02]} Rbd6 {[%emt 0:02:02]} 25. Rxd6 {[%emt 0:02:05]} Rxd6 {[%emt 0:
00:11]} 26. Rb1 {[%emt 0:00:36]} Bb6 {[%emt 0:04:15]} 27. g4 {[%emt 0:01:28]}
Rd2 {[%emt 0:01:48]} 28. Rb4 {[%emt 0:01:23]} Bxf2+ {[%emt 0:02:10]} 29. Kf1 {
[%emt 0:00:10]} c3 {[%emt 0:56:18]} 30. Rb8+ {[%emt 0:01:10]} Kg7 {[%emt 0:00:
00]} 31. Rb7 {[%emt 0:00:38]} Bb6 {[%emt 0:00:00]} 32. h4 {[%emt 0:00:25]} h5 {
[%emt 0:00:00]} 33. Rd7 {[%emt 0:00:21]} Rf2+ {[%emt 0:00:00]} 34. Ke1 {
[%emt 0:00:02]} Rf4 {[%emt 0:00:00]} 35. Rd3 {[%emt 0:01:51]} hxg4 {[%emt 0:00:
00]} 0-1

[Event "36th European Club Cup 2021"]
[Site "Struga"]
[Date "2021.09.21"]
[Round "4.43"]
[White "Nevednichy, Vladislav"]
[Black "Kjartansson, Gudmundur"]
[Result "1-0"]
[WhiteElo "2498"]
[BlackElo "2447"]
[Annotator "ChessBase"]
[PlyCount "59"]
[EventDate "2021.09.18"]
[EventType "team-tourn"]
[EventCountry "MKD"]
[SourceTitle "playchess.com"]
[Source "ChessBase"]
[SourceQuality "1"]
[TimeControl "40/5400+30:1800+30"]

1. e4 {[%emt 0:00:03]} c5 {[%emt 0:00:23]} 2. Nf3 {[%emt 0:00:10]} d6 {[%emt 0:
00:06]} 3. c3 {[%emt 0:01:36]} Nf6 {[%emt 0:00:12]} 4. Be2 {[%emt 0:00:21]} g6
{[%emt 0:00:29]} 5. O-O {[%emt 0:00:05]} Bg7 {[%emt 0:00:03]} 6. Bb5+ {[%emt 0:
00:16]} Nbd7 {[%emt 0:05:45]} 7. Re1 {[%emt 0:00:46]} a6 {[%emt 0:01:25]} 8.
Bf1 {[%emt 0:00:34]} O-O {[%emt 0:00:34]} 9. d4 {[%emt 0:00:17]} e5 {[%emt 0:
01:39]} 10. dxe5 {[%emt 0:03:58]} dxe5 {[%emt 0:02:02]} 11. c4 {[%emt 0:04:55]}
Ne8 {[%emt 0:12:41]} 12. Nc3 {[%emt 0:03:33]} Nc7 {[%emt 0:00:24]} 13. Bg5 {
[%emt 0:05:42]} f6 {[%emt 0:00:38]} 14. Be3 {[%emt 0:00:54]} Ne6 {[%emt 0:01:
37]} 15. Nd5 {[%emt 0:04:06]} f5 {[%emt 0:11:46]} 16. a3 {[%emt 0:03:14]} f4 {
[%emt 0:05:03]} 17. Bd2 {[%emt 0:00:08]} g5 {[%emt 0:18:55]} 18. h3 {[%emt 0:
00:22]} Nb8 {[%emt 0:09:22]} 19. b4 {[%emt 0:00:31]} Nc6 {[%emt 0:00:34]} 20.
Bc3 {[%emt 0:04:10]} b6 {[%emt 0:04:17]} 21. Rb1 {[%emt 0:00:35]} Ra7 {[%emt 0:
01:21]} 22. bxc5 {[%emt 0:04:25]} bxc5 {[%emt 0:00:03]} 23. Rb6 {[%emt 0:09:35]
} Bd7 {[%emt 0:00:21]} 24. Qa1 {[%emt 0:06:41]} Ned4 {[%emt 0:00:22]} 25. Bxd4
{[%emt 0:01:08]} exd4 {[%emt 0:00:14]} 26. e5 {[%emt 0:00:53]} Be8 {[%emt 0:01:
53]} 27. Qb1 {[%emt 0:02:48]} h6 {[%emt 0:04:00]} 28. Qe4 {[%emt 0:04:06]} Ne7
{[%emt 0:06:16]} 29. Bd3 {[%emt 0:03:31]} Nf5 {[%emt 0:00:22]} 30. e6 {[%emt 0:
05:51]} 1-0

[Event "36th European Club Cup 2021"]
[Site "Struga"]
[Date "2021.09.21"]
[Round "4.44"]
[White "Sulypa, Oleksandr"]
[Black "Nikolovski, Nikola"]
[Result "1-0"]
[WhiteElo "2455"]
[BlackElo "2409"]
[Annotator "TA"]
[PlyCount "135"]
[EventDate "2021.09.18"]
[EventType "team-tourn"]
[EventCountry "MKD"]
[SourceTitle "playchess.com"]
[Source "ChessBase"]
[SourceQuality "1"]

{[%evp 10,135,20,29,32,0,0,-22,17,18,16,26,31,18,17,28,32,18,16,17,28,30,20,6,
3,0,32,0,4,-36,-36,-33,-27,-31,-4,-17,27,-31,-31,-31,-31,-35,-16,-16,-31,-16,
-16,-31,-31,-31,-31,-31,-31,-49,0,-16,0,0,22,22,36,36,70,0,95,81,85,89,233,239,
246,239,237,235,246,246,242,207,286,0,237,235,234,237,274,0,240,234,217,205,
206,211,299,286,383,378,456,423,450,440,428,404,681,681,742,751,748,737,703,
653,633,581,536,0,767,742,815,793,2231,2195,29976,29977,29977,29978,29990,
29991,29991,2256]} 1. c4 e5 2. Nc3 d6 3. Nf3 f5 4. d4 e4 5. Ng5 Be7 6. h4 Nf6 {
A21: English Opening: 1...e5 2 Nc3.} 7. Nh3 O-O 8. Bg5 c6 {The position is
equal.} 9. e3 Na6 {[%cal Bb8a6,Ba6c7,Bc7e6,Be6f8][%mdl 32]} 10. Nf4 Nc7 11. Qb3
{[#]} h6 $146 ({Predecessor:} 11... Rb8 12. Be2 Ne6 13. c5 d5 14. Nxe6 Bxe6 15.
Bf4 b6 16. Bxb8 Qxb8 17. cxb6 axb6 {1-0 (42) Erdos,V (2575)-Sebenik,M (2479)
Nova Gorica 2008}) 12. Bxf6 Bxf6 13. h5 Ne6 {Hoping for ...Nxf4.} 14. Ng6 Rf7
15. O-O-O Nf8 16. Nf4 Ne6 17. Ng6 Nf8 18. Nf4 (18. Kb1 {looks sharper.} Qe8 19.
Be2 Rc7 20. Qa4 Rd7 21. Nf4) 18... Ne6 19. g3 Nxf4 20. gxf4 Kh8 21. Kb1 Re7 22.
Bh3 Qe8 23. Bf1 (23. Rdg1 $11) 23... Be6 $15 24. Qa3 Rd7 25. Be2 Bg8 26. Qa5
Bh7 27. Qa3 b6 28. Qa6 Bg8 29. Rc1 Rc7 30. Qa3 Qd8 31. d5 c5 (31... b5 $5 32.
cxb5 cxd5 $15) 32. Nb5 Rd7 33. Qa6 Qf8 34. Bd1 Bf7 35. Ba4 Qe7 36. Na3 ({
White should play} 36. Nc3 $14) 36... Rdd8 (36... b5 $1 $11 {remains equal.}
37. Nxb5 (37. Bxb5 Rb7 $11) 37... Rb7) 37. Bc6 $1 $16 Rab8 38. Nb5 Qf8 (38...
Kh7 $16) 39. Qxa7 $18 Bg8 40. Rcd1 Bf7 41. Qc7 Bg8 42. a3 Bf7 43. Bd7 Ra8 44.
Bc6 (44. Nxd6 Qe7 $15) (44. Bxf5 $6 Be8 $18) 44... Rab8 45. Kc2 Bg8 46. Bd7 Ra8
47. Bc6 (47. Bxf5 Bxb2 48. Kxb2 Qxf5 $16) (47. Nxd6 Qe7 $17) 47... Rab8 48. Kc1
Bf7 49. Rd2 Bg8 50. Bd7 Ra8 (50... Bh7 {was necessary.} 51. Be6 (51. Nxd6 Qe7
$17) 51... Qe7 52. Qxe7 Bxe7) 51. Be6 ({Not} 51. Nxd6 Qe7 $15) 51... Qe8 52.
Bxf5 Ra4 53. b3 Ra5 54. a4 Qf8 55. Bd7 g5 (55... Raa8 $142 56. Be6 (56. Nxd6
Qe7 $11) 56... Rab8) 56. hxg6 Bg7 57. Kd1 Qf6 58. Ke2 Raa8 59. Be6 Qxg6 60. Qe7
Bf6 {[#]} 61. Qc7 $2 ({White should try} 61. Bf5 $1 $18 {[%mdl 512]} Qxf5 (
61... Bxe7 62. Bxg6) 62. Rxh6+ {[%mdl 64] Double Attack} Bh7 63. Qxf6+ Qxf6 64.
Rxf6) 61... Bxe6 $4 {[%mdl 8192]} (61... Bg7 $11 62. Nxd6 Bf8 63. Nf7+ Bxf7 64.
Qxf7 Qxf7 65. Bxf7 Ra7) 62. dxe6 Qg4+ 63. Kf1 Bh4 64. Nxd6 Rac8 65. Qb7 {
White mates.} Rb8 66. Qxe4 Rg8 67. Nf7+ {[%mdl 64] Double Attack} Kg7 {[#]} 68.
Rg1 {Weighted Error Value: White=0.22/Black=0.21} (68. Ng5 $142 $1 Kf6 {[#]}
69. Rd7 $1 Qd1+ 70. Rxd1 Rgd8 71. Rxd8 Rxd8 72. e7 $1 Rd1+ 73. Kg2 Rg1+ 74.
Rxg1 Bxg5 75. e8=Q Bh4 76. Q8g6#) 1-0

[Event "36th European Club Cup 2021"]
[Site "Struga"]
[Date "2021.09.21"]
[Round "4.45"]
[White "Risteski, Emil"]
[Black "Petursson, Margeir"]
[Result "0-1"]
[WhiteElo "2320"]
[BlackElo "2442"]
[Annotator "NA"]
[PlyCount "92"]
[EventDate "2021.09.18"]
[EventType "team-tourn"]
[EventCountry "MKD"]
[SourceTitle "playchess.com"]
[Source "ChessBase"]
[SourceQuality "1"]
[TimeControl "40/5400+30:1800+30"]

1. e4 {[%emt 0:00:12]} c5 {[%emt 0:00:05]} 2. Nf3 {[%emt 0:00:06]} g6 {[%emt 0:
00:04]} 3. c3 {[%emt 0:00:06]} d5 {[%emt 0:00:09]} 4. e5 {[%emt 0:00:05]} a6 {
[%emt 0:00:10]} 5. h3 {[%emt 0:05:01]} Nc6 {[%emt 0:03:50]} 6. d4 {[%emt 0:00:
36]} Bg7 {[%emt 0:01:43]} 7. Be2 {[%emt 0:11:07]} f6 {[%emt 0:00:26]} 8. exf6 {
[%emt 0:04:10]} Nxf6 {[%emt 0:02:57]} 9. dxc5 {[%emt 0:03:37]} O-O {[%emt 0:00:
25]} 10. O-O {[%emt 0:01:59]} e5 {[%emt 0:02:53]} 11. Na3 {[%emt 0:07:55]} h6 {
[%emt 0:06:12]} 12. Nc2 {[%emt 0:02:47]} Be6 {[%emt 0:09:45]} 13. Nh2 {[%emt 0:
11:22]} Kh7 {[%emt 0:03:40]} 14. Be3 {[%emt 0:07:50]} Qd7 {[%emt 0:03:49]} 15.
Bd3 {[%emt 0:03:58]} Rad8 {[%emt 0:07:10]} 16. f4 {[%emt 0:04:18]} d4 {[%emt 0:
02:07]} 17. cxd4 {[%emt 0:00:57]} e4 {[%emt 0:05:08]} 18. Be2 {[%emt 0:01:19]}
Nd5 {[%emt 0:00:27]} 19. Kh1 {[%emt 0:05:36]} Nxe3 {[%emt 0:10:38]} 20. Nxe3 {
[%emt 0:01:01]} Qxd4 {[%emt 0:01:27]} 21. Qxd4 {[%emt 0:00:50]} Bxd4 {[%emt 0:
00:23]} 22. Nc4 {[%emt 0:00:06]} Bxc5 {[%emt 0:00:26]} 23. b3 {[%emt 0:05:55]}
Nd4 {[%emt 0:09:40]} 24. Bg4 {[%emt 0:00:56]} Bxc4 {[%emt 0:01:54]} 25. Rfc1 {
[%emt 0:00:02]} b5 {[%emt 0:03:30]} 26. bxc4 {[%emt 0:00:10]} b4 {[%emt 0:00:
10]} 27. g3 {[%emt 0:01:44]} h5 {[%emt 0:02:15]} 28. Bd1 {[%emt 0:00:06]} e3 {
[%emt 0:01:05]} 29. Kg2 {[%emt 0:00:16]} h4 {[%emt 0:04:41]} 30. Nf3 {[%emt 0:
02:08]} Nxf3 {[%emt 0:01:03]} 31. Kxf3 {[%emt 0:00:17]} hxg3 {[%emt 0:00:42]}
32. Be2 {[%emt 0:00:32]} g5 {[%emt 0:01:56]} 33. Kxg3 {[%emt 0:00:43]} Rxf4 {
[%emt 0:03:16]} 34. Rd1 {[%emt 0:00:22]} Rd2 {[%emt 0:01:09]} 35. Rxd2 {
[%emt 0:01:08]} exd2 {[%emt 0:00:06]} 36. Rd1 {[%emt 0:00:10]} Rd4 {[%emt 0:00:
38]} 37. Bg4 {[%emt 0:02:14]} Bd6+ {[%emt 0:03:03]} 38. Kf2 {[%emt 0:00:54]}
Bf4 {[%emt 0:00:31]} 39. Be2 {[%emt 0:02:02]} a5 {[%emt 0:02:28]} 40. c5 {
[%emt 0:00:00]} Rd5 {[%emt 0:00:00]} 41. c6 {[%emt 0:00:50]} Rc5 {[%emt 0:01:
05]} 42. Bf3 {[%emt 0:00:16]} Kg7 {[%emt 0:00:17]} 43. Ke2 {[%emt 0:01:44]} Kf6
{[%emt 0:01:26]} 44. Be4 {[%emt 0:00:22]} Ke5 {[%emt 0:00:43]} 45. Bb1 {
[%emt 0:00:26]} Rxc6 {[%emt 0:00:41]} 46. Bd3 {[%emt 0:00:03]} Rc3 {[%emt 0:00:
50]} 0-1